[Event "ICS rated blitz match"]
[Site "204.178.125.65"]
[Date "1999.10.01"]
[Round "?"]
[White "Hossa"]
[Black "BugChess"]
[Result "1-0"]
[WhiteElo "2379"]
[BlackElo "2119"]
[Annotator "Fritz 5.32 (15s)"]
[PlyCount "155"]
[EventDate "1999.??.??"]

1. e4 e5 2. Nf3 d6 3. d4 exd4 4. Nxd4 Nf6 5. Nc3 Be7 6. Be2 Nc6 7. Nxc6 (7. Be3
O-O 8. O-O Bd7 9. Nb3 Re8 10. f4 Bf8 11. Bf3 a5 12. a4 Nb4 13. Bf2 c6 14. h3 h6
15. Qd2 Nh7 16. Rad1 Be6 17. Nd4 Bc4 18. Rfe1 g6 19. b3 Ba6 20. Ncb5 d5 21.
exd5 21... Rxe1+ {Kucera,P-Petkevich,J/Mlada Boleslav 1992/EXT 97/1-0 (49)})
7... bxc6 8. O-O O-O (8... Nd7 9. Be3 O-O 10. f4 Nb6 11. g4 Bb7 12. Rf3 Bf6 13.
Rh3 Re8 14. g5 Bxc3 15. bxc3 c5 16. Bf3 Qe7 17. e5 Bxf3 18. Qxf3 Qe6 19. exd6
cxd6 20. f5 Qe4 21. Rf1 Qxf3 22. Rhxf3 Nc4 23. Bc1 {
Nagy,A-Nagy,B/HUN 1998/EXT 99/ - (54)}) 9. Re1 $146 (9. f4 d5 10. e5 Bc5+ 11.
Kh1 Ne8 12. Na4 Be7 13. f5 c5 14. c4 d4 15. Bd3 f6 16. e6 Bd6 17. Be4 Rb8 18.
Qh5 c6 19. Bd2 Qc7 20. Rf3 g5 21. fxg6 Bxe6 22. b3 Qd7 23. Nxc5 Bxc5 24. Qxc5
f5 25. Bf4 {1-0 Nordstrom,F-Rundqvist,P/Haninge 1997/EXT 99 (25)}) 9... d5 10.
exd5 cxd5 11. Be3 Bb7 12. Qd3 12... a6 {Staerkt b5} 13. Bf3 {Alles auf d5!}
13... Re8 14. Re2 14... c5 $14 (14... a5 15. Ree1 $11) 15. Bg5 15... c4 {
Raumgewinn} 16. Qd4 h6 17. Bf4 17... g5 $16 (17... Rc8 $5 $14 {ist zu beachten}
) 18. Be5 Ne4 19. Nxd5 Bxd5 20. Bxe4 (20. Rxe4 $6 20... Bxe4 21. Qxe4 21... Rc8
$15) 20... Bxe4 21. Rxe4 Qxd4 22. Rxd4 Bf8 23. Rd5 Bg7 (23... Rad8 24. Rxd8
Rxd8 25. Rc1 $14) 24. Bxg7 Kxg7 25. Rc5 $14 (25. Kf1 $5 $16) 25... Rab8 $16 (
25... Re2 26. Rxc4 Rd8 27. b4 $16) 26. b3 cxb3 (26... Re2 27. Rxc4 Rd8 28. a3
$16) 27. axb3 Rb6 28. Kf1 Rd6 29. Re1 Rxe1+ 30. Kxe1 Re6+ 31. Kd2 Rd6+ 32. Kc3
Rd1 33. Rc6 (33. h3 33... Rh1 $16) 33... Rf1 34. Rxa6 {
Der Freibauer b3 wird schnell zu einer gefaehrlichen Waffe} 34... Rxf2 35. g3
Rxh2 36. g4 Rg2 37. Ra4 Kh7 38. Rd4 Kg6 39. Kd3 Rf2 (39... Rh2 40. b4 $14) 40.
Rd6+ (40. b4 f5 41. Rd6+ Kf7 42. Rxh6 42... fxg4 $11) 40... f6 41. Rd4 Rh2 42.
c3 42... Rb2 $14 (42... h5 43. gxh5+ Kf5 44. Ra4 $11) 43. Rd8 $15 (43. b4 $5
$14 $142 {ist nicht von der Hand zu weisen}) 43... Rxb3 44. Rg8+ Kh7 45. Ra8
Rb1 46. Ke4 (46. Ke2 46... Kg6 $17) 46... Rf1 47. Ke3 (47. c4 Rf4+ 48. Kd5
48... f5 $11 (48... Rxg4 $6 49. c5 $15)) 47... Rf4 48. Rf8 Kg7 49. Re8 (49. Rc8
Rxg4 50. c4 50... Kf7 $19) 49... Rxg4 50. Re7+ Kg6 51. Re8 (51. Rc7 51... h5
$19) 51... f5 52. Re6+ Kh5 53. Rf6 f4+ 54. Ke4 (54. Kd3 {
aendert nichts am Ausgang der Partie} 54... Rg1 $19) 54... Rg1 55. c4 Re1+ 56.
Kd5 (56. Kd3 {nuetzt auch nichts mehr} 56... Kg4 $19) 56... Rd1+ 57. Ke4 Rc1
58. Kd5 (58. Kd3 {hilft auch nicht mehr} 58... Kg4 59. Kd2 Rxc4 60. Rxh6 60...
Kf3 $19) 58... Re1 (58... Kg4 $5 $142 {erleichterte Schwarz die Gewinnfuehrung}
59. c5 $19) 59. c5 59... Re2 $17 (59... Rc1 $5 $142 60. c6 60... Kg4 $19) 60.
c6 Rd2+ 61. Ke6 61... Rd1 $11 (61... Rc2 62. Kd7 62... Ra2 $11) 62. c7 Rc1 63.
Kd7 {Droht entscheidend Rc6} 63... Rd1+ $4 $18 {
verschlechtert die Stellung weiter} (63... Rxc7+ $142 64. Kxc7 64... Kg4 $14)
64. Ke6 $11 (64. Rd6 $142 {und Schwarz kann direkt aufgeben} 64... Rc1 65. Rc6
Rxc6 66. Kxc6 $18) 64... Rc1 65. Kd7 {Weiss droht stark Rc6} 65... Rd1+ 66. Rd6
$1 {das wars. Es droht Matt} 66... Rc1 67. Rc6 $1 {
glaenzend gespielt. Mit der Mattdrohung Rxc1} 67... Rd1+ (67... Rxc6 {
holt die Kuh nicht vom Eis} 68. Kxc6 Kg4 69. c8=Q+ Kg3 70. Qh8 $18) 68. Ke7 f3
(68... Re1+ {ist der letzte Rettungsanker} 69. Kf8 69... Re3 $18) 69. c8=Q {
Droht Matt: Qh3} 69... Rh1 70. Rxh6+ $18 (70. Rc4 Re1+ 71. Kf6 Re6+ 72. Qxe6 g4
73. Qxg4#) 70... Kxh6 71. Qh8+ (71. Qf8+ $5 {ginge schneller} 71... Kh5 72.
Qxf3+ g4 73. Qxh1+ 73... Kg5 $18) 71... Kg6 {Droht Matt} 72. Qf6+ Kh5 73. Qxf3+
g4 74. Qxh1+ Kg5 75. Qe4 {Es droht Matt} 75... Kh5 (75... Kh4 {
macht keinen grossen Unterschied} 76. Kf6 Kg3 77. Kg5 Kf2 78. Kxg4 Kg1 79. Kf3
Kh2 80. Qc2+ Kh3 81. Qh7#) 76. Kf6 g3 (76... Kh4 {
kann das Vorangegangene nicht ungeschehen machen} 77. Qg2 g3 78. Kf5 Kh5 79.
Qh3#) 77. Qf4 g2 78. Qg5# 1-0

[Event "ICS rated blitz match"]
[Site "204.178.125.65"]
[Date "1999.10.01"]
[Round "?"]
[White "Hossa"]
[Black "BugChess"]
[Result "1-0"]
[WhiteElo "2339"]
[BlackElo "2159"]
[Annotator "Fritz 5.32 (20s)"]
[PlyCount "91"]
[EventDate "1999.??.??"]

1. e4 c5 2. Nf3 d6 3. d4 cxd4 4. Nxd4 Nf6 5. Nc3 g6 6. Bc4 Bg7 7. h3 Nc6 (7...
a6 8. O-O b5 9. Bb3 Bb7 10. Re1 O-O 11. Bg5 Nbd7 12. Nd5 Rc8 13. Qd2 Rc5 14.
Nf3 Re8 15. c3 Qa8 16. Rad1 Nxd5 17. exd5 Nf6 18. Be3 Rxd5 19. Bxd5 Bxd5 20.
Nh4 Bxa2 21. Bh6 Bh8 22. f4 {Hector,J-Tiviakov,S/Stockholm 1990/EXT 97/1-0 (70)
}) 8. Nxc6 $146 (8. O-O Nxe4 (8... O-O 9. Re1 Bd7 10. Bg5 h6 11. Be3 Rc8 12.
Bb3 a6 13. Qd2 Kh7 14. f4 b5 15. a3 Na5 16. e5 Ne8 17. Rad1 Nc4 18. Bxc4 Rxc4
19. Nb3 Be6 20. Bd4 Qb8 21. exd6 Nxd6 22. Bxg7 Kxg7 23. Nd4 Bc8 24. b3 Rc5 25.
Ne6+ {1-0 Paragua,M-Pruner,E/Hawaii 1998/EXT 99 (25)}) 9. Nxc6 bxc6 10. Nxe4 d5
11. Ng5 h6 12. Nxf7 Kxf7 13. Qf3+ Bf6 14. Bb3 Kg7 15. c4 e6 16. Bc2 e5 17. cxd5
cxd5 18. Qg3 Qe8 19. Re1 Bb7 20. Bd2 Rc8 21. Bf5 Rc4 22. b3 22... Rc7 {
Kucera,P-De Palma,F/Imperia 1996/EXT 99/1-0 (41)}) (8. Be3 Bd7 9. O-O Rc8 10.
Bb3 Na5 11. f4 Rxc3 12. bxc3 Nxe4 13. Qf3 Nf6 14. f5 Qc8 15. Bg5 Nc6 16. Qe3
gxf5 17. g4 Nxd4 18. cxd4 Rg8 19. Rae1 Ne4 20. Bxf7+ Kxf7 21. Qb3+ Be6 22. d5
22... Qc5+ {Jansa,V-Komljenovic,D/Bad Woerishofen 1988/TD/0-1 (37)}) 8... bxc6
{Befestigt b5} 9. O-O O-O 10. Bg5 Nxe4 11. Nxe4 d5 12. Bd3 Bxb2 (12... dxe4 13.
Bxe4 Qc7 14. Qf3 $11) 13. Ng3 (13. Rb1 dxe4 14. Bxe4 14... Rb8 $11) 13... Bxa1
14. Qxa1 f6 15. Bh6 Re8 16. Rb1 e5 17. Qc3 Qd6 18. Be2 f5 19. f4 Re6 20. Bf1
Qc7 21. fxe5 Qxe5 (21... Rxe5 $4 22. Bf4 $18) 22. Qa3 {Droht Matt: Qf8} 22...
Re8 23. Ne2 Qe7 24. Qa4 24... Qe6 $11 (24... Be6 25. Qxc6 Rac8 26. Qb5 $11) 25.
Nc3 25... Qd6 $14 (25... Qd7 $5 $11 {ist interessant}) 26. Nxd5 26... Re4 {
Hier steht der schwarze Turm gut} (26... Qxd5 $4 {
der Springer darf nicht angetastet werden} 27. Bc4 Be6 28. Bxd5 Bxd5 29. Qb4
$18) 27. Nb4 27... Qd4+ $16 (27... Qc5+ 28. Kh1 Rb8 29. Qb3+ Be6 30. c4 $14)
28. Kh1 Bd7 29. Qa3 $14 (29. Qb3+ Be6 30. Qg3 30... Qd7 $16) 29... Ree8 $16 (
29... Rae8 30. Nd3 $14) 30. Qg3 c5 (30... a5 31. Na6 $16) 31. Na6 31... Ba4 $2
$18 (31... Rac8 $5 $16 $142) 32. c3 Qe5 (32... f4 33. cxd4 fxg3 34. Nxc5 $18)
33. Bc4+ Kh8 34. Qxe5+ (34. Rb7 Qe1+ (34... Qxg3 $4 {Schwarz ist zu gefraessig}
35. Bg7#) 35. Qxe1 Rxe1+ 36. Kh2 Rg8 37. Rf7 Ree8 38. Bg5 Rg7 39. Bf6 h5 40.
Rxg7 Rf8 41. Rf7+ Kg8 42. Rxa7+ Rf7 43. Ra8+ Be8 44. Rxe8+ Kh7 45. Rh8#) 34...
Rxe5 35. Rb7 {Mit der Mattdrohung Bg7} 35... Rg8 36. Bxg8 (36. Rf7 Re1+ 37. Kh2
Ree8 38. Bg5 Rg7 39. Bf6 h5 40. Rxg7 Rf8 41. Rf7+ Kg8 42. Rxa7+ Rf7 43. Ra8+
Be8 44. Rxe8+ Kh7 45. Rh8#) 36... Kxg8 37. Rg7+ Kh8 38. Rf7 {Es droht Matt}
38... Re8 39. Nxc5 (39. Nc7 $5 $142 {laesst dem Gegner kaum Chancen} 39... Kg8
40. Rg7+ Kf8 41. Rxh7+ Kg8 42. Rg7+ Kf8 43. Rd7+ Kg8 44. Nxe8 Bxd7 45. Nf6+ Kf7
46. Nxd7 46... c4 $18) 39... Bc6 40. Rc7 Bd5 (40... Re1+ {
waere gleichermassen fruchtlos} 41. Kh2 Be8 42. Kg3 $18) 41. Nd7 {Droht Matt}
41... Re7 42. Rc8+ $1 {ein unangenehmes Schach} (42. Rxa7 $6 {
kommt nicht in Frage} 42... Bc6 $18) 42... Bg8 43. Nf6 {Droht Matt: Rxg8} 43...
Rg7 44. Bxg7+ Kxg7 45. Nxg8 Kf7 46. Ra8 (46. Ra8 h5 47. c4 $18) 1-0

[Event "ICS rated blitz match"]
[Site "204.178.125.65"]
[Date "1999.09.29"]
[Round "?"]
[White "Hossa"]
[Black "BugChess"]
[Result "1-0"]
[WhiteElo "2468"]
[BlackElo "2114"]
[PlyCount "115"]
[EventDate "1999.??.??"]

1. d4 e6 2. Nf3 Nf6 3. e3 b6 4. Bd3 Bb7 5. O-O d5 6. c4 Nbd7 7. cxd5 exd5 8.
Nh4 c5 9. Nc3 c4 10. Bf5 Be7 11. Bxd7+ Qxd7 12. Nf3 Qc8 13. Ne5 a6 14. b3 b5
15. Bb2 b4 16. Nxd5 Nxd5 17. bxc4 Nb6 18. c5 Nd7 19. Qa4 f6 20. Nxd7 Qxd7 21.
Qxd7+ Kxd7 22. Rfe1 f5 23. f3 Rad8 24. e4 f4 25. Rac1 Bh4 26. Red1 Rhg8 27. d5
Kc8 28. c6 Ba8 29. d6 Bf6 30. e5 Be7 31. dxe7 Rxd1+ 32. Rxd1 Re8 33. Rd4 g5 34.
Rxb4 Rxe7 35. h4 gxh4 36. Rxf4 Bxc6 37. Rxh4 Rb7 38. Bd4 Bd5 39. a3 Rb1+ 40.
Kf2 Bg8 41. f4 Rd1 42. Bc3 Rc1 43. Bb4 Rc2+ 44. Kg3 Kb8 45. f5 Rc1 46. Rg4 Bc4
47. Rg7 Bd3 48. f6 Bc4 49. f7 Bxf7 50. Rxf7 h5 51. e6 Rc8 52. Bd6+ Ka8 53. e7
a5 54. Rf8 Kb7 55. Rxc8 Kb6 56. e8=Q a4 57. Rb8+ Ka5 58. Qb5# {
BugChess checkmated} 1-0

[Event "ICS rated blitz match"]
[Site "204.178.125.65"]
[Date "1999.10.01"]
[Round "?"]
[White "Hossa"]
[Black "BugChess"]
[Result "0-1"]
[WhiteElo "2391"]
[BlackElo "2107"]
[Annotator "Fritz 5.32 (20s)"]
[PlyCount "60"]
[EventDate "1999.??.??"]

1. e4 e5 2. Nf3 Nc6 3. Bb5 a6 4. Ba4 Nf6 5. O-O Be7 6. Bxc6 dxc6 7. Nxe5 Nxe4
8. d3 $146 (8. Qe2 Nc5 9. Re1 Ne6 10. c3 O-O 11. d4 c5 12. d5 Ng5 (12... f6 13.
Nc6 bxc6 14. dxe6 f5 15. Bf4 Rf6 16. Rd1 Qe8 17. Bxc7 Bxe6 18. Nd2 Qg6 19. Nf3
Qh5 20. Rd2 Re8 21. Ne5 Bf7 22. Nxf7 Qxe2 23. Nh6+ Rxh6 24. Rxe2 Kf8 25. Rae1
Rf6 26. c4 f4 27. Be5 Re6 28. Bxg7+ {
1-0 Fischer,G-Feist,R/GER Mittelfranken-ch 1995/EXT 97 (28)}) 13. h4 f6 14. Nc4
Nh3+ 15. gxh3 Bxh3 16. Qxe7 Qxd5 17. Qe4 Qh5 18. Ne3 Rae8 19. Qf4 g5 20. Qg3
Bd7 21. Bd2 Kh8 22. hxg5 Re4 23. f3 Rh4 24. Ng2 Rh3 25. Qf4 h6 26. gxf6 Qg6 27.
c4 Rg8 28. Re2 Bc6 29. f7 Rf8 30. Qg4 Qxg4 31. fxg4 Rxf7 32. Bxh6 Kh7 33. Nd2
Rg3 34. Ne4 Rgf3 35. Nh4 R3f4 36. Nf5 b5 37. Neg3 37... Rf3 {
1-0 Fischer,G-Sand,P/Mittelfranken 1991/EXT 99 (37)}) (8. Re1 Nf6 9. Qe2 Be6
10. d3 (10. Nc3 O-O 11. Nxf7 Bxf7 12. Qxe7 Qd4 13. d3 Nd5 14. Be3 Qg4 15. Qe4
Qh5 16. Ne2 Rae8 17. Qd4 Nxe3 18. fxe3 c5 19. Qf4 Bb3 20. Ng3 Qd5 21. c4 Qxd3
22. Qxc7 Bxc4 23. Qxc5 Rc8 24. Qd4 Qc2 25. Red1 Qf2+ 26. Kh1 b5 27. Ne4 Qe2 28.
Re1 Qh5 29. Ng3 Qg5 30. b3 30... Bd5 {
- Gufeld,E-Chukaev,E/Tbilisi 1956/EXT 99 (30)}) 10... Nd7 (10... O-O 11. Nxf7
Bxf7 12. Qxe7 Qd4 13. Qxc7 Rae8 14. Be3 Qxb2 15. Nd2 Nd5 16. Qg3 Nxe3 17. fxe3
Qxc2 18. Ne4 Qxd3 19. Nf6+ Kh8 20. Nxe8 Rxe8 21. Rad1 Qg6 22. Qxg6 hxg6 23. Rd7
Bxa2 24. Rxb7 Bc4 25. e4 Re5 26. Kf2 a5 27. Ra7 Bb3 28. Re3 a4 29. Ra8+ Kh7 30.
Rh3+ Rh5 31. Rxh5+ gxh5 32. Rc8 a3 33. Rxc6 Kg8 34. Ra6 a2 35. Ra7 Bc2 36. Ke3
Bb1 37. e5 Kf8 38. Kf4 g6 39. Kg5 Be4 40. Rxa2 {
1-0 Zhugder-Maher,V/Moscow 1956/MCD (40)}) 11. Nc3 Nxe5 12. Qxe5 O-O 13. Ne4
Qd7 14. Bf4 Rac8 15. Nc5 Bxc5 16. Qxc5 Rfe8 17. Re3 Bd5 18. Rae1 b6 19. Qc3
Rxe3 20. fxe3 f6 21. h3 Kf7 22. b3 {
- Lombardy,W-Van der Sterren,P/Amsterdam 1985/MCD (22)}) 8... Nc5 9. Re1 O-O
10. Nc3 10... f6 {Ueberdeckt g5} 11. Nc4 f5 12. Be3 f4 13. Bxc5 Bxc5 14. Ne4
Ba7 15. Qh5 Bd7 16. Ng5 {Droht Matt: Qxh7} 16... Bf5 17. Nf3 Bc5 18. Nh4 $11 (
18. Re2 $5 $14) 18... g6 {Kontrolliert f5} 19. Qh6 Qd4 20. Rf1 Rae8 21. Nf3 ({
Und nicht} 21. Nxf5 21... Rxf5 (21... gxf5 $6 22. b4 Be7 23. Rae1 $11) 22. Qh3
22... Re2 $17) 21... Qd5 22. Rfe1 (22. Qxf4 $2 {ist ein Schlag ins Wasser}
22... Bxd3 23. Qxf8+ Bxf8 24. cxd3 24... Qxd3 $19) 22... b5 $16 (22... Qd7 23.
Nce5 Qd6 24. Re2 $16) 23. Nce5 $14 (23. Ng5 Qd7 24. Ne5 Qg7 25. Qxg7+ Kxg7 26.
Nxc6 26... Bd7 $16) 23... Bc8 $2 $18 (23... Re7 $14 $142 {
und Schwarz kann noch kaempfen}) 24. c4 $14 (24. b4 $142 {
und die Waage neigt sich zugunsten von Weiss} 24... Be7 25. Nxg6 $18) 24... Qd6
25. Rad1 Bb4 26. Re4 bxc4 (26... Bf5 27. Ng5 Re7 28. Nxc6 $16) 27. Ng5 {
Droht Matt} 27... Re7 28. Nxc6 {Mit der Mattdrohung Rxe7} (28. Rxc4 $2 {
ist falsch} 28... Qxe5 29. Re4 29... Qd6 $19) 28... Rd7 $4 {
ein Fehler, doch es war nicht viel zu retten} (28... Rg7 $142 29. Rxc4 29...
Bc5 $16) 29. Re6 (29. Rxc4 $6 {waere weniger gut} 29... a5 30. a3 30... Ba6 $18
) (29. Nxb4 $6 {ist minderwertig} 29... Qxb4 30. b3 Bb7 31. Rxc4 31... Qe7 $14)
29... Qc5 (29... cxd3 {hilft allerdings auch nicht} 30. Rxd6 Bxd6 31. Qh3 $18)
30. d4 {Weiss droht Rc1} (30. Nxb4 $6 {bringt nichts} 30... Qxb4 31. d4 31...
Re7 $14 (31... Qxb2 32. Nxh7 Rg7 33. Rxg6 Rxg6 34. Qxg6+ (34. Qxf8+ Kxh7 35.
Qxc8 35... Qe2 $16) 34... Kh8 35. Nxf8 Bf5 36. Qxf5 Kg8 37. Ne6 Qxf2+ 38. Kxf2
c6 39. Qg6+ Kh8 40. Qg7#)) 30... Qd5 (30... Qd5 31. Ne7+ $3 {
ein kraftvolles Opfer, das die Partie entscheidet} 31... Rxe7 32. Rxe7 Qf7 33.
Rxf7 Rxf7 34. Nxf7 Kxf7 35. Qxh7+ 35... Ke8 $18) (30... Bb7 {
ist noch eine duenne Chance} 31. Nxh7 Rxh7 32. Qxg6+ Rg7 33. dxc5 Rxg6 34.
Rxg6+ 34... Kh7 $18) 0-1

[Event "ICS rated blitz match"]
[Site "204.178.125.65"]
[Date "1999.10.01"]
[Round "?"]
[White "Hossa"]
[Black "BugChess"]
[Result "1-0"]
[WhiteElo "2401"]
[BlackElo "2097"]
[Annotator "Fritz 5.32 (15s)"]
[PlyCount "109"]
[EventDate "1999.??.??"]

1. e4 c5 2. Nf3 Nc6 3. d4 cxd4 4. Nxd4 g6 5. c4 Bg7 6. Be3 Nf6 7. Nc3 Ng4 8.
Qxg4 Nxd4 9. Qd1 e5 10. Bd3 O-O 11. O-O b6 12. Qd2 Bb7 13. Bg5 $146 (13. Bh6 d6
14. Bxg7 Kxg7 15. f4 exf4 16. Rxf4 Ne6 17. Rf2 Qg5 18. Bc2 Qe5 19. Rd1 Rac8 20.
b3 a6 21. a4 Rfd8 22. Rdf1 Rc7 23. Kh1 Nd4 24. Rf4 Re8 25. Rh4 f6 26. Rhf4 d5
27. exd5 Nxc2 28. Re4 Ne3 29. Qxe3 {
1-0 Britton,R-Wells,P/Oviedo 1993/CBM 38 ext (29)}) (13. Rad1 a6 14. b3 Bc6 15.
Bb1 b5 16. cxb5 axb5 17. Bxd4 exd4 18. Ne2 d5 19. Nxd4 Bxd4 20. Qxd4 dxe4 21.
Qc5 Qe8 22. Rfe1 Rc8 23. f3 f5 24. fxe4 fxe4 25. Qd4 Rd8 26. Qxd8 Qxd8 27. Rxd8
Rxd8 28. Bxe4 Bxe4 29. Rxe4 Rd2 30. a3 Ra2 31. Rb4 Rxa3 32. Rxb5 Kg7 33. Rb7+
Kf6 34. Kf2 h6 35. Kf3 Ra1 36. Rb6+ Kf7 37. Rd6 Rb1 38. Rd3 Rb2 39. h4 Ke6 40.
g3 Ke5 41. Kg4 Kf6 42. Kf4 Rb1 43. Ke4 g5 44. hxg5+ Kxg5 45. Kd4 Kg4 46. Kc3 h5
47. b4 Rc1+ 48. Kb2 {1-0 Psakhis,L-Afek,Y/Herzliya 1998/EXT 99 (48)}) (13. f4
exf4 14. Bxf4 d6 15. Nd5 Bxd5 16. exd5 Be5 17. Rae1 Qc7 18. Bxe5 dxe5 19. Rf6
Rad8 20. Qf2 Rfe8 21. Rf1 Re7 22. h4 Rd6 23. h5 Nf5 24. Rxf5 gxf5 25. Qxf5 f6
26. b4 e4 27. Be2 27... Re5 {De Vreugt,D-Afek,Y/Dieren 1997/EXT 98/1-0 (40)}) (
13. Ne2 Ne6 14. Rfd1 f5 15. f3 f4 16. Bf2 Qe7 17. c5 Nxc5 18. Bc4+ Kh8 19. b4
Na6 20. a3 Rfd8 21. Nc3 Nc7 22. Qd6 Qxd6 23. Rxd6 Rac8 24. Rd3 Ne6 25. Bxe6
dxe6 26. Rxd8+ Rxd8 27. Nb5 {- Roizman,A-Veresov,G/Minsk 1955/EXT 99 (27)})
13... f6 14. Bh6 $11 (14. Be3 14... f5 $14) 14... Bxh6 15. Qxh6 f5 16. f3 16...
f4 {Schwarz gewinnt Raum} 17. Rad1 Rc8 18. Rfe1 18... d6 $14 (18... Qe7 19. Rd2
$11) 19. Rd2 Re8 20. Red1 Ba6 21. b3 21... Bb7 $16 (21... Re6 22. Ne2 Nxe2+ 23.
Bxe2 $14) 22. Nb5 Nxb5 23. cxb5 Qe7 24. Bc4+ Kh8 25. Rxd6 Red8 26. R6d3 $14 (
26. Rxd8+ Rxd8 27. Rxd8+ 27... Qxd8 $16) 26... Rxd3 {Mit der Mattdrohung Rxd1}
27. Bxd3 Rd8 28. Kf1 28... Rd4 $16 (28... a6 29. Rc1 $14 (29. bxa6 $2 29...
Bxa6 30. g3 Rxd3 31. Rxd3 Bxd3+ 32. Kg2 32... Qf6 $19)) 29. g3 Qd6 30. Ke2 fxg3
(30... a6 31. gxf4 (31. bxa6 Bxa6 32. Ke1 Qb4+ (32... Rxd3 $143 33. Rxd3 Bxd3
34. Qg5 $19) 33. Ke2 Qc5 34. gxf4 Rd8 35. fxe5 Qc2+ 36. Qd2 Bxd3+ 37. Kf2 37...
Re8 $11) 31... exf4 32. h4 (32. bxa6 $2 {ist nicht spielbar} 32... Bxa6 33. Ke1
Rxd3 34. Rxd3 34... Bxd3 $19) 32... axb5 33. h5 gxh5 34. Qg5 $18) 31. hxg3 Qf6
32. Rh1 {Droht Matt} 32... Rd7 33. Bc4 Qd8 34. a4 34... g5 $18 (34... Qf6 $5
$16) 35. Rh5 {Weiss erhaelt Koenigsangriff} 35... Rd2+ 36. Kf1 {
Droht Matt: Qxh7} 36... Rd1+ 37. Kg2 Rd2+ 38. Kh3 g4+ 39. Kxg4 Bc8+ 40. Be6
Qg8+ 41. Kf5 Bxe6+ 42. Qxe6 42... Qf8+ $6 {fuegt sich in sein Schicksal} (42...
Qxe6+ 43. Kxe6 43... Rd3 $18) 43. Kg4 Rd8 (43... Rd3 {
macht keinen grossen Unterschied} 44. Qxe5+ Qg7+ 45. Rg5 Qxe5 46. Rxe5 $18) 44.
Qxe5+ Qg7+ 45. Qxg7+ Kxg7 46. Rd5 Rxd5 (46... Rf8 $18 {ist noch eine Idee}) 47.
exd5 {d5 setzt sich schnell in Bewegung} 47... Kg6 48. b4 Kf6 49. Kf4 Kg6 50.
Ke5 {Mit der Mattdrohung Ke6} 50... Kg7 51. Kd6 (51. Ke6 Kf8 52. d6 Ke8 53. d7+
Kd8 54. Kd6 h5 55. f4 h4 56. gxh4 a5 57. bxa6 b5 58. a7 bxa4 59. a8=Q#) 51...
Kf7 52. Kc7 Kf6 53. d6 Ke6 54. d7 Kd5 55. d8=Q+ (55. d8=Q+ Kc4 56. Qa8 $18) 1-0